[Event "Hoogovens"]
[Site "Wijk aan Zee"]
[Date "1996.01.23"]
[Round "9"]
[White "Dreev, Alexey"]
[Black "Sokolov, Ivan"]
[Result "1/2-1/2"]
[WhiteElo "2670"]
[BlackElo "2665"]
[Annotator "Hansen,Curt"]
[PlyCount "138"]
[EventDate "1996.01.13"]
[EventType "tourn"]
[EventRounds "13"]
[EventCountry "NED"]
[EventCategory "17"]
[SourceTitle "CBM 051"]
[Source "ChessBase"]
[SourceDate "1996.04.01"]
[SourceVersion "1"]
[SourceVersionDate "1996.04.01"]
[SourceQuality "1"]

1. d4 Nf6 2. c4 e6 3. Nf3 d5 4. Nc3 Nbd7 5. cxd5 exd5 6. Qc2 {This is a normal move in the exchange-variantion of the Queens Gambit. However in this exact position it is not so logical. Black did not have the possibility to play c8-f5 so f4/g5 seemed more natural.} Nb6 ({RR} 6... Bb4 7. Bf4 O-O 8. e3 Nh5 9. Bg5 f6 10. Bh4 Nb6 11. Be2 g6 12. Nd2 Ng7 13. Bg3 c6 14. h3 Nf5 15. Bh2 Bd6 16. O-O Bxh2+ 17. Kxh2 Nd6 18. b4 Bf5 19. Qb3 Kg7 20. b5 cxb5 21. Nxb5 {Bluebaum,M (2698)-Caruana,F (2795) Pegeia CYP 2026 ½-½ (52)}) ({RR} 6... c6 7. Bg5 h6 8. Bh4 g5 9. Bg3 Nh5 10. O-O-O Nxg3 11. hxg3 Nb6 12. e4 Be6 13. e5 Be7 14. Bd3 Qd7 15. Nd2 O-O-O 16. f4 Bg4 17. Rde1 Kb8 18. Kb1 c5 19. dxc5 Bxc5 20. Nb3 Bb4 21. a3 {Livaic,L (2554)-Murzin,V (2670) Baden Baden GER 2026 0-1 (32)}) 7. Bg5 Bg4 $146 ({RR} 7... Be7 8. e3 O-O 9. Bd3 h6 10. Bh4 Re8 11. O-O Nh5 12. Bxe7 Qxe7 13. Ne5 c6 14. f4 Nf6 15. Rf3 Bd7 16. h3 Nc8 17. g4 Nd6 18. Rg3 Nfe4 19. Bxe4 Nxe4 20. Nxe4 dxe4 21. Qh2 c5 22. dxc5 {Yoo,C (2616)-Rosen,E (2373) chess.com INT 2024 ½-½ (54)}) ({RR} 7... Be7 8. e3 O-O 9. Bd3 h6 10. Bh4 Re8 11. O-O Nh5 12. Bxe7 Qxe7 13. Ne5 c6 14. f4 Nf6 15. Rf3 Bd7 16. h3 Nc8 17. g4 Nd6 18. Rg3 Nfe4 19. Bxe4 Nxe4 20. Nxe4 dxe4 21. Qh2 c5 22. dxc5 {Yoo,C (2616)-Rosen,E (2373) chess.com INT 2024 ½-½ (54)}) 8. Ne5 Bh5 9. e3 Bg6 10. Qb3 c6 {Black has developed the white-squared bishop and has keept control over the vital centersquares.} 11. a4 $5 {[%cal Ra4a5,Rb3b7] a4-a5 + b3xb7. The only chance to create problems for black} a5 {[%csl Rb4] × b4} 12. Bxf6 gxf6 13. Nd3 $14 {[%csl Rf4,Rf5] White has succeded in weakening black kingside-formation. The doubled f-pawn is not too important, but if white can occupy square f5 with a piece he will be clearly better.} Rb8 14. Be2 Bd6 15. O-O Nc4 {[%cal Rc4d2] c4-d2} 16. Rfd1 (16. Rad1 $5) 16... Qb6 17. Qa2 Qc7 18. b3 Nb6 (18... Bxh2+ 19. Kh1 Nb6 20. g3 Bxg3 21. fxg3 Qxg3 22. Bf1 $16) 19. g3 O-O 20. Bf3 Qe7 21. Ne2 {[%cal Ye2f4]} Na8 {[%csl Rf4][%cal Ya8c7,Yc7e6] Sa8-c7-e6 ×f4} 22. Nef4 Nc7 23. Qd2 {[%cal Rd2a5]} Ra8 24. Ng2 {[%csl Rf5][%cal Rg2h4,Rh4f5] g2-h4 ×f5} Ne6 25. Nh4 Ng5 26. Bg2 Rfe8 27. Qe2 Ra6 {[%csl Rb3][%cal Ra6b6,Rb6b3] Black would like to create some counterplay on the queenside. Either by Ta6-b6 or maybe even b5-b5} 28. f4 $6 {[%csl Re3,Re4] A very double-edged move. White had a perfectly sound and slightly better position. With the textmove he wants to take vital squares avay from blacks minor-pieces. But e3 becomes weak and so does squares e4.} Ne6 {[%cal Re6d4] e6xd4} 29. Qd2 Ng7 $1 $132 {Black has found a very good squares for his knight. The threat f4-f5 is neutralised, and white no longer has the good squares f4 for his pieces. On the contrary: blacks now controls e4.} 30. Re1 Bb4 31. Nxb4 Qxb4 32. Qxb4 axb4 33. Rac1 Ra5 34. Kf2 Nf5 35. Nxf5 Bxf5 {The position is dynamically equal. Whites pawnstructure is better, but black has the slightly better piece-play} 36. Bf3 Kf8 37. g4 Be4 38. Bxe4 Rxe4 39. Ke2 Ke7 {[%cal Ye7d6,Yb7b6,Yc6c5]} 40. Rg1 {[%csl Rh7][%cal Yg1g3,Yg3h3,Yh3h6] Both players have a clear plan. Black wants to make use of his queenside-majority by playing e7-d6, b7-b6 and c6-c5. White wants to attack blacks weak h-pawn with g1-g3-h3} Kd6 41. Rg3 Ra8 42. Rh3 Rae8 {[%cal Re4f4,Re4d4] xf4/xd4} 43. Kd2 b6 44. Re1 c5 45. dxc5+ bxc5 46. Rxh7 c4 47. bxc4 (47. Rxf7 c3+ 48. Kd3 d4 $132) 47... dxc4 48. Rxf7 Kc5 49. g5 (49. Rxf6 b3 {[%cal Yc5b4,Yc4c3] b4 + c4-c3}) 49... Rd8+ 50. Ke2 fxg5 51. fxg5 b3 52. Rb7 Rh4 $15 {Blacks is the one playing for the win even though he is two  pawns down. His connected passed-pawns are far more dangerous than whites split pawns.} 53. Rb5+ $1 {Blacks king most be forced back so that it cannot support the pawns.} Kc6 54. g6 Rxh2+ 55. Kf3 Rf8+ 56. Ke4 b2 57. g7 Rg8 58. Rg1 Rh4+ 59. Ke5 c3 60. Rb3 Rc4 61. Kf6 c2 62. Rxb2 c1=Q 63. Rxc1 Rxc1 64. Rg2 (64. Kf7 Ra8 65. Rf2 (65. g8=Q $2 Rf1+ $19) 65... Rg1 {[%cal Ra8a7] a7+}) 64... Kd5 65. Kf7 Rcc8 66. Kg6 Ke4 67. Kh7 Kxe3 68. a5 Ra8 69. a6 Rxg7+ 1/2-1/2

[Event "FIDE World Cup 13-16"]
[Site "Khanty-Mansiysk"]
[Date "2005.12.13"]
[Round "6.2"]
[White "Sakaev, Konstantin"]
[Black "Dreev, Alexey"]
[Result "1/2-1/2"]
[WhiteElo "2668"]
[BlackElo "2694"]
[Annotator "Marin,Mihail"]
[PlyCount "91"]
[EventDate "2005.11.27"]
[EventType "k.o."]
[EventRounds "7"]
[EventCountry "RUS"]
[SourceTitle "CBM 111"]
[Source "ChessBase"]
[SourceDate "2006.04.04"]
[SourceVersion "1"]
[SourceVersionDate "2006.04.04"]
[SourceQuality "1"]

1. d4 d5 2. c4 c6 3. Nf3 Nf6 4. Nc3 e6 5. Bg5 Nbd7 6. cxd5 exd5 7. e3 Bd6 8. Bd3 Nf8 9. Ne5 Qe7 10. f4 Ne6 $5 $146 (10... h6 {1-0 Comas Fabrego,L (2509)-Gonzalez Garcia,J (2447)/Mataro 2005/CBM 106/[Marin,M] (47)}) 11. Bh4 g5 $5 {A radical attempt to question White's domination in the centre. The whole operation looks slightly risky, because Black weakens his king side dark squares without having completed his development yet.} 12. fxg5 Bxe5 13. dxe5 Nd7 14. O-O Nxe5 15. Rf6 {White immediately starts invading the weak squares.} Bd7 $146 {Black makes a useful developing move without defining his king's intentions yet.} (15... O-O $2 {would be bad because of} 16. g6 $1 {[%cal Yh4e7]}) ({but} 15... Ng6 $5 {, blocking the g6-square comes into consideration.}) ({RR} 15... Nc5 16. Bc2 Ng4 17. Rf3 Ne5 18. Qd4 Nxf3+ 19. gxf3 Qf8 20. e4 Ne6 21. Qf6 d4 22. Nd5 cxd5 23. exd5 Qg7 24. g6 Qxf6 25. Bxf6 Rg8 26. dxe6 fxe6 27. g7 Kf7 28. Bxd4 Bd7 29. Bxh7 Rgd8 30. Kf2 {Al Saffar,A (2348)-Blagojevic,D (2481) Khanty-Mansiysk 2010 1-0 (32)}) 16. Bf5 Ng7 $6 {Black's desire to exchange some of the intruders is perfectly understandable, but this is not such a good square for the knight.} (16... O-O-O $6 {would be risky because of} 17. Rc1 {when the black king cannot easily avoid the pins along the c-file or, eventually, along the h2-b8 diagonal.} Nc7 18. Qd4 $36) ({In case of} 16... Nc5 {the game continuation} 17. e4 $1 {would have been very strong} ({But now,} 17. g6 {is less clear, because Black's knights are better placed.} hxg6 18. Re6 Qxe6 19. Bxe6 Rxh4 20. Bxd7+ Nexd7 $13) 17... Bxf5 18. Rxf5 $32) (16... Ng6 {was still a solid option}) 17. e4 (17. g6 $1 hxg6 (17... Bxf5 18. Rxf5 Qc7 19. gxf7+ Nxf7 20. Rf1 $14 {e4}) 18. Re6 Qxe6 19. Bxe6 Rxh4 (19... Nxe6 20. Bf6 $16) 20. Bxd7+ Nxd7 21. e4 $1 dxe4 22. Qe1 $14 {[%csl Gh4][%cal Yc3e4]}) 17... Bxf5 18. exf5 O-O {In spite of his optical domination on the king side, Hite cannot easily create concrete threats.} 19. Qd4 (19. Qe2 $6 Rfe8 20. Re1 $2 Qb4 $1 $17) (19. Rh6 $2 Nxf5 20. Rxh7 Ng6 $1 $19) 19... Nd7 20. Qg4 Rfe8 21. Rf1 Qc5+ 22. Bf2 Ne5 23. Qh4 Qc4 $11 {By exchanging queens, Black retains an entirely viable position.} 24. Qxc4 Nxc4 25. g6 fxg6 26. fxg6 h5 27. Rf7 Re6 28. Rxb7 a5 29. Bd4 Rxg6 30. Rf6 Rxf6 31. Bxf6 Ne8 32. Bd4 Ncd6 33. Rb6 Nf5 34. Bc5 Rc8 35. Ne2 Nf6 36. Nd4 Nxd4 37. Bxd4 Kf7 38. Ra6 Ne4 39. Rxa5 c5 40. Ra7+ Ke6 41. Ra6+ Kf5 42. Bf2 Rb8 43. b3 c4 44. Bd4 cxb3 45. axb3 Rxb3 46. Ra1 1/2-1/2

[Event "Tilburg"]
[Site "Tilburg"]
[Date "1994.??.??"]
[Round "3"]
[White "Glek, Igor Vladimirovich"]
[Black "Yudasin, Leonid"]
[Result "1-0"]
[WhiteElo "2615"]
[BlackElo "2625"]
[Annotator "Ftacnik,Lubomir"]
[PlyCount "121"]
[EventDate "1994.09.??"]
[EventType "k.o."]
[EventRounds "7"]
[EventCountry "NED"]
[SourceTitle "CBM 044"]
[Source "ChessBase"]
[SourceDate "1995.02.01"]
[SourceVersion "1"]
[SourceVersionDate "1995.02.01"]
[SourceQuality "1"]

1. d4 Nf6 2. c4 e6 3. Nc3 d5 4. cxd5 exd5 5. Bg5 c6 6. e3 Be7 7. Bd3 Bg4 8. Qc2 Bh5 9. Bxf6 $146 (9. Nge2) ({RR} 9. Nf3 Nbd7 10. h3 Bg6 11. Bxg6 hxg6 12. O-O-O Qa5 13. Kb1 Bb4 14. Nd2 Bxc3 15. Qxc3 Qxc3 16. bxc3 Ne4 17. Nxe4 dxe4 18. Kc2 Nb6 19. Rb1 f6 20. Bf4 O-O-O 21. Kb3 Nd5 22. Bg3 Ne7 23. c4 Nf5 {Dardha,D (2608)-Xiong,J (2646) chess.com INT 2024 0-1 (63)}) ({RR} 9. Nf3 Bg6 10. Ne5 Bxd3 11. Qxd3 Nbd7 12. f4 O-O 13. O-O Re8 14. Rf3 h6 15. Bh4 Ne4 16. Bxe7 Qxe7 17. Rff1 Ndf6 18. Rab1 a5 19. Ne2 Rec8 20. Rfd1 Ne8 21. Nc3 N8d6 22. Rbc1 Re8 23. Re1 f6 {Papasimakopoulos,A (2353)-Omariev,M (2304) chess.com INT 2026 1-0 (47)}) 9... Bxf6 10. f4 $1 {xh5} Bg4 $146 (10... Be7 11. Kf1 $5 Nd7 12. h3 $16) ({RR} 10... g5 11. Nh3 gxf4 12. Nxf4 Bg6 13. O-O Nd7 14. Rf3 O-O 15. Bxg6 hxg6 16. Ne6 Qe7 17. Nxf8 Rxf8 18. Raf1 Bg7 19. Qf2 Nb6 20. g4 Nc4 21. h4 Nd6 22. h5 Re8 23. Rh3 Bh6 24. e4 dxe4 25. hxg6 {Berezjuk,S (2430)-Jirovsky,M (2446) Ostrava 2002 1-0 (34)}) ({RR} 10... c5 11. dxc5 Nc6 12. h3 Bh4+ 13. Kf1 d4 14. Nb5 dxe3 15. Nd6+ Kf8 16. g4 Be7 17. Ne2 {½-½ (17) Barrero Garcia,C (2350)-Mirzoev,A (2547) Seville 2013}) 11. f5 (11. Bxh7 $2 Bxd4 12. exd4 Qh4+) 11... g6 12. h3 (12. fxg6 hxg6 13. Bxg6 $2 Bh4+ $1 14. Kd2 Qg5 15. Bd3 Bf2 $19) 12... Bxf5 (12... Bh4+ 13. Kf1 Bxf5 14. Bxf5 gxf5 15. Nf3 $14) 13. Bxf5 gxf5 14. Nge2 (14. Qxf5 Nd7 15. Nf3 Qe7 16. Kf2 Qe6 $13) 14... Bh4+ $1 (14... Bg5 15. O-O Bxe3+ 16. Kh1 $40) 15. g3 (15. Kd2 $5) 15... Bg5 16. O-O $1 (16. Qxf5 Nd7 $10) 16... Bxe3+ 17. Kh2 Nd7 18. Rxf5 Qe7 19. Raf1 f6 $6 (19... O-O 20. Rh5 f5 $1 21. Rhxf5 $13) 20. R1f3 (20. Rxd5 $5 cxd5 21. Nxd5 Qd6 22. Nxe3 O-O (22... Qc6 23. Nc3 $44) 23. Nf5 Qa6 24. Rf2 $44) 20... O-O (20... Bg5 $5) 21. Rh5 f5 $8 (21... Rf7 22. Nd1 $18) 22. Nd1 Bg5 23. h4 Bf6 24. Re3 $1 Qf7 25. Rxf5 Rae8 26. Nf4 Rxe3 27. Nxe3 Qe8 28. Rh5 Qe4 29. Qxe4 dxe4 30. Nf5 Re8 $6 (30... Nb6 $142 $1 31. Kg2 Nd5 32. Ne2 $1 Re8 $13) 31. Kg2 c5 $6 (31... Nb6 32. Rh6 $36) 32. dxc5 Nxc5 (32... Bxb2 33. Nd6 $16) 33. Nh6+ Kg7 34. Ng4 $1 Be7 $8 (34... Rc8 35. Rxc5 Rxc5 36. Ne6+ $18) (34... Nd3 35. Rxh7+ Kxh7 36. Nxf6+ $18) 35. Re5 Kf8 36. b4 Nd3 37. Rxe4 Nxf4+ (37... Nxb4 38. Ne6+ Kf7 (38... Kg8 39. Nh6+ Kh8 40. Rg4 $18) 39. Nh6+ Kg6 40. Nc7 Rc8 (40... Rd8 41. Re6+ Bf6 42. Ng4 Rf8 43. a3 Nc6 44. Nd5 $18) 41. Rxe7 Kxh6 42. Ne6 Rb8 43. Ng5 $18) 38. Rxf4+ Kg7 39. Re4 Kf8 40. Nh6 Rc8 41. Nf5 Bf6 42. a4 Rc6 43. b5 Rc3 44. Nd6 b6 45. Rf4 $1 Rc2+ (45... Ke7 46. Rxf6 $1 Rc2+ 47. Rf2 Rxf2+ 48. Kxf2 Kxd6 49. g4 $18) 46. Rf2 Rxf2+ 47. Kxf2 Be5 48. Nf5 Kf7 49. Kf3 Ke6 50. Ne3 (50. g4 h5 $1) 50... Bc7 51. g4 Ke5 52. g5 Bd8 53. Kg4 Kd4 54. Nf5+ Kc5 55. h5 Kb4 56. Nd4 Kxa4 57. Kf5 Be7 58. g6 hxg6+ 59. hxg6 Bf8 60. Ne6 Bh6 61. Kg4 (61. Kg4 Kxb5 62. Kh5 Bc1 63. g7 $18) 1-0

[Event "ESP-chT"]
[Site "Lanzarote"]
[Date "2003.05.11"]
[Round "6.1"]
[White "Gurevich, Mikhail"]
[Black "Korneev, Oleg"]
[Result "1-0"]
[WhiteElo "2635"]
[BlackElo "2606"]
[Annotator "Gurevich,Mikhail"]
[PlyCount "119"]
[EventDate "2003.05.06"]
[EventType "team"]
[EventRounds "9"]
[EventCountry "ESP"]
[SourceTitle "CBM 094 Extra"]
[Source "ChessBase"]
[SourceDate "2003.07.09"]
[SourceVersion "2"]
[SourceVersionDate "2003.07.09"]
[SourceQuality "1"]
[WhiteTeam "La Caja de Canarias"]
[BlackTeam "Cajacanarias"]
[WhiteTeamCountry "ESP"]
[BlackTeamCountry "ESP"]

1. d4 d5 2. c4 e6 3. Nc3 Be7 4. cxd5 exd5 5. Bf4 Nf6 6. e3 Bf5 7. Nge2 O-O 8. Ng3 Be6 9. Bd3 c5 10. dxc5 Bxc5 11. O-O Nc6 12. Rc1 ({RR} 12. a3 d4 13. Na4 Be7 14. e4 Nd7 15. Nf5 Nde5 16. Nxe7+ Qxe7 17. Rc1 Rad8 18. Re1 b6 19. b4 Qf6 20. Bg3 Nxd3 21. Qxd3 Ne5 22. Bxe5 Qxe5 23. Nb2 Rc8 24. Rcd1 Rfd8 25. g3 Qf6 26. e5 Qf5 {Nakamura,H (2780)-Topalov,V (2749) Saint Louis 2017 0-1 (55)}) 12... Bd6 (12... d4 $5) ({RR} 12... d4 13. Nb5 Bb6 14. e4 a6 15. Nd6 Qd7 16. Ngf5 g6 17. Bg5 Bd8 18. Nh6+ Kg7 19. Nc4 Bxc4 20. Rxc4 Nxe4 21. Bxd8 Raxd8 22. Bxe4 Kxh6 23. Bxc6 bxc6 24. Qc1+ Kg7 25. Rd1 d3 26. Qc3+ Kg8 27. Re4 {Duda,J (2739)-Keinanen,T (2495) chess.com INT 2026 0-1 (79)}) ({RR} 12... d4 13. Nce4 Be7 14. Nxf6+ Bxf6 15. e4 Rc8 16. a3 Be5 17. Rxc6 Bxf4 18. Rxc8 Bxc8 19. Ne2 Bc7 20. Qd2 Be6 21. Rc1 Qd6 22. g3 Bb6 23. Nf4 Bd7 24. Nd5 Rc8 25. Rxc8+ Bxc8 26. Nxb6 axb6 27. Qf4 {Moskalenko,V (2523)-Korneev,O (2577) Don Benito 2012 ½-½}) 13. Nh5 (13. Bxd6 Qxd6 14. Qa4 a6 15. Rfd1 Rfd8 16. a3 Rac8 17. Qh4 Ne5 18. h3 h6 19. Nh5 Nxh5 20. Qxh5 Nxd3 21. Rxd3 Qb6 22. Qe2 d4 23. Rxd4 Rxd4 24. exd4 Qxd4 25. Rd1 Qf4 26. Qd2 Qxd2 27. Rxd2 {½-½ Touzane,O-Shchekachev,A/Montpellier 2000/EXT 2001 (27)}) 13... Nxh5 $146 {TN} (13... Be7 {-Kasparov,G-Yusupov,A Linares 1993}) ({RR} 13... Be7 14. Nb5 Nxh5 15. Qxh5 g6 16. Qf3 Rc8 17. Rfd1 Qd7 18. h3 Rfd8 19. Qg3 Nb4 20. Nc3 Nxd3 21. Rxd3 Bf5 22. Rd2 Qe6 23. Rcd1 h5 24. h4 Rc5 25. f3 Qc6 26. e4 Rxc3 27. bxc3 Qb6+ 28. Kh2 {Kasparov,G (2805)-Jussupow,A (2645) Linares 1993 ½-½ (118)}) 14. Bxd6 Qxd6 15. Qxh5 g6 16. Qh4 a6 $5 (16... Qe5 17. Bb5 $5 {} d4 18. Ne4 Qxb5 19. Rc5 Qxb2 $2 (19... Qe2 {Fritz} 20. Nf6+ Kg7 21. Nh5+ Kg8 (21... Qxh5 22. Rxh5 gxh5 $11) 22. Qf6 Qxh5 23. Rxh5 gxh5 $11) 20. Nf6+ Kg7 21. Nh5+ $18 {Kasparov,G}) 17. Rfd1 Rfd8 18. Be2 Qe5 (18... d4 19. Bf3 d3 20. Rd2 $14) 19. Bf3 $14 Kg7 20. Na4 $5 Rab8 21. b3 Qf6 $5 22. Qg3 $5 (22. Qxf6+ Kxf6 {(23...e5)} 23. Nc5 Ne5 24. Be2 a5 $11) 22... Ne5 (22... Qe5 23. Nc5 Qxg3 24. hxg3 Ne5 25. b4 $5 $14) 23. Be2 Rbc8 24. Nc5 $16 b6 (24... Rb8 25. f4 Nd7 (25... Nc6 26. Nxb7 Rxb7 27. Rxc6 $18) 26. Nxd7 Bxd7 (26... Rxd7 27. f5 $18)) 25. Nxa6 Rxc1 26. Rxc1 Bf5 27. Qf4 $2 $138 (27. Nc7 {(c7-b5-d4)} Rc8 (27... d4 28. exd4 Rxd4 29. Ne8+) 28. Ba6 Rd8 29. Bf1 $18) 27... d4 $1 28. exd4 Nd3 $2 (28... Rxd4 29. Qe3 Re4 30. Qd2 Rd4 $132) 29. Bxd3 Rxd4 30. Qc7 $6 (30. Nc7 $1 Rxf4 31. Ne8+ Kf8 (31... Kh6 32. Nxf6 Bxd3 33. Nd5 $18) 32. Nxf6 Bxd3 33. Nd7+ Ke7 34. Nxb6) 30... Bxd3 31. Nb8 Bb5 32. a4 Rd2 $132 33. Qg3 Rd3 (33... Rc2 34. Re1 Rc3 35. Qg4 Rc2 $132) 34. Qg4 $5 Rd2 $4 $138 35. axb5 Qxf2+ 36. Kh1 $18 Rb2 37. Qh3 Rc2 38. Rg1 Qd2 39. Qg3 Rc5 40. Nc6 Rxb5 41. b4 Rg5 42. Qf3 Rf5 43. Qe4 h5 44. h3 Rf4 45. Qe5+ Kh7 46. Qb8 Qf2 47. Ne7 Re4 48. Qg8+ Kh6 49. Qh8+ Kg5 50. Qd8 Re1 51. Nc6+ (51. Ng8+ f6 52. Qd5+ Re5 $18) 51... Kh6 52. Rxe1 Qxe1+ 53. Kh2 Qf2 54. Qh8+ Kg5 55. Qe5+ Kh6 56. Ne7 f6 57. Qe4 f5 58. Qe5 Qd2 59. Qg3 g5 60. Qe5 1-0

[Event "Candidates qf1"]
[Site "Brussels"]
[Date "1991.??.??"]
[Round "8"]
[White "Gelfand, Boris"]
[Black "Short, Nigel D"]
[Result "0-1"]
[WhiteElo "2665"]
[BlackElo "2660"]
[Annotator "Ftacnik,Lubomir"]
[PlyCount "102"]
[EventDate "1991.08.??"]
[EventType "match"]
[EventRounds "8"]
[EventCountry "BEL"]
[SourceTitle "Candidates"]
[Source "ChessBase"]
[SourceDate "1999.07.01"]
[SourceVersion "2"]
[SourceVersionDate "1999.07.01"]
[SourceQuality "1"]

1. d4 Nf6 2. c4 e6 3. Nf3 d5 4. Nc3 Nbd7 5. Qc2 Be7 6. cxd5 exd5 7. Bf4 c6 8. h3 (8. e3 Nh5 $10) 8... Nf8 (8... O-O 9. e3 Re8 10. Bd3 Nf8 11. O-O Bd6 12. Ne5 Ng6 $13) 9. e3 Ng6 10. Bh2 O-O (10... Bd6 $5 11. Ne5 Qe7 12. f4 Nd7 $13) 11. Bd3 Re8 12. Ne5 (12. O-O Bd6 $14) 12... Bd6 13. f4 $1 c5 (13... Nd7 14. O-O-O $40) 14. O-O (14. Nb5 cxd4 15. Nxd6 Qxd6 16. exd4 Qb4+ $10) 14... c4 (14... cxd4 15. exd4 Qb6 16. Qf2 $14) 15. Be2 (15. Bf5 Bxf5 16. Qxf5 Bb4 $10) 15... Bb4 (15... Bd7 16. Bf3 Bc6 17. b3 $1 $16) 16. f5 Nf8 $146 (16... Ne7 17. g4 $16) ({RR} 16... Ne7 17. g4 Bxc3 18. bxc3 Nd7 19. Bf3 Nc6 20. Qf2 Qe7 21. Rab1 Nb6 22. g5 Bxf5 23. Bg4 Bg6 {1-0 (23) Tregubov,P (2628)-Legky,N (2468) France 2009}) 17. Bf3 Bxc3 (17... N8d7 18. g4 $16) 18. bxc3 Bd7 (18... b5 19. a4 bxa4 20. Rxa4 $16) 19. g4 Bc6 20. Qg2 (20. g5 Ne4 (20... N6d7 21. h4 Nxe5 22. Bxe5 Nd7 23. Bf4 $16) 21. Bxe4 dxe4 22. f6 $16) 20... N8d7 21. g5 Nxe5 (21... Ne4 22. Bxe4 dxe4 23. Nxc6 bxc6 24. Rf4 $16) 22. Bxe5 Ne4 (22... Nd7 23. Bf4 Nf8 24. h4 $16) 23. Bxe4 dxe4 24. h4 (24. f6 g6 25. Qg4 h5 $1 (25... Kh8 26. Qh4 Rg8 27. Qh6 Qf8 28. Qg7+ $1 $18) 26. gxh6 Kh7 $13) 24... Kh8 25. f6 $1 (25. h5 f6 26. Bf4 Qd7 $13) 25... g6 26. h5 Rg8 $8 27. Kf2 Qa5 (27... gxh5 28. Rh1 Rg6 29. Rxh5 Qg8 30. Rah1 Re8 31. Qh2 $18) 28. Rh1 $1 Qxc3 29. Rae1 Bd7 $8 (29... Rae8 30. hxg6 Rxg6 31. Rh5 Kg8 32. Qh2 $18) 30. hxg6 $2 (30. Qxe4 Bf5 31. hxg6 Bxg6 32. Rxh7+ Bxh7 33. Rh1 Qd2+ 34. Kf3 Qd1+ $1 35. Kf4 Qf1+ $1 36. Rxf1 Bxe4 37. Kxe4 Rxg5 $15) (30. Kg3 $3 gxh5 (30... Bf5 31. Kf4 Rae8 32. Qh2 Rxe5 33. hxg6 Bxg6 34. Qxh7+ Bxh7 35. Rxh7+ Kxh7 36. Rh1+ Kg6 37. Rh6#) 31. Kf4 Bg4 32. Qxg4 $1 Qxe1 $8 (32... hxg4 33. Rxh7+ Kxh7 34. Rh1+ Kg6 35. Rh6#) 33. Qg2 $1 Qa5 34. Rxh5 Rg6 35. Qh3 Kg8 36. Rxh7 Kf8 37. Rh8+ Rg8 38. Qh7 $18) 30... Rxg6 31. Qxe4 (31. Qh2 h6 32. Qxh6+ Rxh6 33. Rxh6+ Kg8 34. Reh1 Qd2+) (31. Rh5 Bf5 32. Qh2 Rgg8 $16) 31... Kg8 $8 (31... Bc6 32. Qxg6 $1 fxg6 33. f7#) 32. Qxb7 (32. Rh5 Bc6 33. Qh4 Qc2+ 34. Re2 Qe4 $132) 32... Qc2+ 33. Re2 Qf5+ 34. Bf4 Rc8 (34... Re8 $5 35. Qf3 Re4) 35. Qf3 c3 36. e4 (36. Qh5 h6 $13) 36... Qa5 37. d5 (37. Rc2 $5 Qb6 $1 (37... Ba4 $2 38. Qh3 $18) 38. Be3 Qb7 $132) 37... c2 38. e5 Rc3 39. Qh5 $2 (39. Qe4 Qc5+ (39... Bg4 40. e6 $1 fxe6 41. f7+ Kxf7 42. Rxh7+ $40) 40. Be3 Qc4 $13) 39... h6 40. e6 Be8 41. Bc1 (41. gxh6 Qc5+ 42. Be3 Rxe3 43. Rxe3 c1=Q 44. Rxc1 Qxc1 $19) 41... Qxd5 42. e7 Rxg5 $1 43. Bxg5 (43. Qxh6 Rg2+ 44. Kf1 Qf3+ $19) 43... Qf5+ 44. Ke1 (44. Kg1 c1=Q+ 45. Bxc1 Rxc1+ 46. Kg2 Bc6+ 47. Kg3 Rc3+ $19) 44... c1=Q+ 45. Bxc1 Rxc1+ 46. Kd2 Rc2+ 47. Kd1 (47. Ke3 Rc3+ 48. Kd2 Qc2+ 49. Ke1 Qc1+ 50. Kf2 Qf4+ 51. Kg2 Bc6+ $19) (47. Ke1 Rc1+ 48. Kd2 Qc2+ 49. Ke3 Qc3+ 50. Kf2 Qd4+ $19) 47... Qd3+ 48. Ke1 Qg3+ 49. Kd1 Qd3+ 50. Ke1 Qc3+ 51. Kf2 (51. Kf1 Rc1+ 52. Kf2 Qd4+ 53. Re3 Rc2+ 54. Kf1 Bb5+ 55. Qxb5 Qd1+ 56. Re1 Qf3+) 51... Qd4+ {Ftacnik,L} (51... Qd4+ 52. Kf1 Qf4+ 53. Kg1 Rc1+ 54. Kg2 Bc6+ $19) 0-1